<?xml version="1.0" encoding="UTF-8"?>
<record
    xmlns:xsi="http://www.w3.org/2001/XMLSchema-instance"
    xsi:schemaLocation="http://www.loc.gov/MARC21/slim http://www.loc.gov/standards/marcxml/schema/MARC21slim.xsd"
    xmlns="http://www.loc.gov/MARC21/slim">

  <leader>01606nab a2200301   4500</leader>
  <controlfield tag="003">AR-RoBPED</controlfield>
  <controlfield tag="005">20260514085023.0</controlfield>
  <controlfield tag="008">260514b        |||||||| |||| 00| 0 spa d</controlfield>
  <datafield tag="040" ind1=" " ind2=" ">
    <subfield code="a">AR-RoBPED</subfield>
  </datafield>
  <datafield tag="041" ind1=" " ind2=" ">
    <subfield code="a">spa</subfield>
  </datafield>
  <datafield tag="100" ind1="1" ind2=" ">
    <subfield code="a">Catrambone, Rosa</subfield>
    <subfield code="9">30571</subfield>
    <subfield code="e">Profesora para la Ense&#xF1;anza Primaria y licenciada eb Psicopedagog&#xED;a</subfield>
  </datafield>
  <datafield tag="245" ind1="1" ind2="3">
    <subfield code="a">El Nivel Inicial, un escenario posible para la lectoescritura y las operaciones matem&#xE1;ticas /</subfield>
  </datafield>
  <datafield tag="260" ind1=" " ind2=" ">
    <subfield code="a">Buenos Aires :</subfield>
    <subfield code="b">Noveduc,</subfield>
    <subfield code="c">2023</subfield>
  </datafield>
  <datafield tag="300" ind1=" " ind2=" ">
    <subfield code="a">50-55 p. </subfield>
  </datafield>
  <datafield tag="500" ind1=" " ind2=" ">
    <subfield code="a">Mientras que en un accidente que estimula la comunicaci&#xF3;n el lenguaje oral pareciera desarrollarse de modo natural, el lenguaje escrito es un constructo cultural m&#xE1;s complejo que requiere una ense&#xF1;anza en el Nivel Inicial. En este texto se pone el acento en la importancia que reviste el trabajo de los docentes de este nivel para la adquisici&#xF3;n de competencias que favorezcan la lectura y tambi&#xE9;n la aproximaci&#xF3;n a las operaciones aritm&#xE9;ticas sencillas. </subfield>
  </datafield>
  <datafield tag="650" ind1=" " ind2="7">
    <subfield code="a">NIVEL INICIAL</subfield>
    <subfield code="9">1213</subfield>
  </datafield>
  <datafield tag="650" ind1=" " ind2="7">
    <subfield code="a">ARITMETICA</subfield>
    <subfield code="9">1615</subfield>
  </datafield>
  <datafield tag="650" ind1=" " ind2="7">
    <subfield code="a">ENSE&#xD1;ANZA DE LAS MATEMATICAS</subfield>
    <subfield code="9">818</subfield>
  </datafield>
  <datafield tag="650" ind1=" " ind2="7">
    <subfield code="a">DOCENTES</subfield>
    <subfield code="9">344</subfield>
  </datafield>
  <datafield tag="650" ind1=" " ind2="7">
    <subfield code="a">ENSE&#xD1;ANZA</subfield>
    <subfield code="9">342</subfield>
  </datafield>
  <datafield tag="650" ind1=" " ind2="7">
    <subfield code="a">LENGUAJE ESCRITO</subfield>
    <subfield code="9">14592</subfield>
  </datafield>
  <datafield tag="650" ind1=" " ind2="7">
    <subfield code="a">ALFABETIZACION</subfield>
    <subfield code="9">386</subfield>
  </datafield>
  <datafield tag="650" ind1=" " ind2="7">
    <subfield code="a">LECTOESCRITURA</subfield>
    <subfield code="9">825</subfield>
  </datafield>
  <datafield tag="700" ind1="1" ind2=" ">
    <subfield code="a">Ledwith, Andrea</subfield>
    <subfield code="9">30574</subfield>
    <subfield code="e">Profesora de Educaci&#xF3;n Preescolar y licenciada en Ciencias de la Educaci&#xF3;n</subfield>
  </datafield>
  <datafield tag="773" ind1="0" ind2=" ">
    <subfield code="0">20414</subfield>
    <subfield code="9">41865</subfield>
    <subfield code="d">Buenos Aires :  Noveduc,  1993-</subfield>
    <subfield code="t">Novedades Educativas</subfield>
    <subfield code="w">(AR-RoBPED)20414</subfield>
    <subfield code="x">03283534</subfield>
  </datafield>
  <datafield tag="942" ind1=" " ind2=" ">
    <subfield code="2">udc</subfield>
    <subfield code="c">REV</subfield>
    <subfield code="h">37(05)</subfield>
    <subfield code="m">Nov 86 N&#xB0; 390 (Sept.2023)</subfield>
    <subfield code="a">k.32760</subfield>
  </datafield>
  <datafield tag="945" ind1=" " ind2=" ">
    <subfield code="a">mar 05/2026</subfield>
  </datafield>
  <datafield tag="999" ind1=" " ind2=" ">
    <subfield code="c">32760</subfield>
    <subfield code="d">32760</subfield>
  </datafield>
</record>
